Acteurs du film Oppenheimer par images - Statistiques

Statistiques générales
  • Ce quiz a été pris 206 fois
  • Le résultat moyen est 7 sur 10
Statistiques - réponses
Par images Hint Réponse % Correct
Robert Oppenheimer Cillian Murphy
94%
Lewis Strauss Robert Downey Jr.
91%
Leslie Groves Matt Damon
88%
le Réalisateur Christopher Nolan
85%
David L. Hill Rami Malek
83%
Katherine Oppenheimer Emily Blunt
69%
Jean Tatlock Florence Pugh
66%
Boris Pash Casey Affleck
38%
Niels Bohr Kenneth Branagh
37%
Ernest Lawrence Josh Hartnett
21%
Aucun quiz correspondant
Distribution des résultats
% des personnes avec chaque résultat
Percentile par nombre de réponses
Votre historique - résultats
Vous n’avez pas pris ce quiz